000 00851nam a2200217Ia 4500
999 _c40160
_d40160
001 6766
003 GE_BSU
005 20200109123004.0
008 181216s1958||||ge |||||||||||||| ||geo||
040 _cGE_BSU
041 _ageo
080 _a821.353.1-7 გ-59
100 _aგოგიაშვილი, მიხეილ.
_96047
245 _aგუშინ და დღეს :
_bსატირა და იუმორი /
_cმიხეილ გოგიაშვილი ; რედ. ვ. ჭელიძე.
264 _aთბილისი :
_bხელოვნება,
_c1958.
300 _a202 გვ. ;
_c20 სმ.
653 _aგუშინ და დღეს
653 _aსატირა და იუმორი
700 _aჭელიძე, ვ.
_eრედაქტორი
_96048
942 _cBK
_2udc